000 00662nam a2200217Ii 4500
003 JO-AjNU
008 230606s9999||||xx |||||||||||||| ||und||
020 _a978-0-415-6925-8/978-415-69259-5/978-0-203-15517-2
040 _aJO-AjNU
_beng
_erda
_cJO-AjNU
041 _aeng
050 1 4 _aTH146.C514 2013
100 3 _aCharlett , Andrew/ Craig maybery thomas,
_eauthor
_94633
245 0 0 _afundamental Building Technology
250 _a2 ed
264 3 1 _alondon:Routledge , 2013
300 _a372P
336 _atext
_btxt
_2rdacontent
337 _aunmediated
_bn
_2rdamedia
338 _avolume
_bnc
_2rdacarrier
650 4 _aBuilding Construcations
_94634
999 _aE2402
_c2400
_d2400